Lord of the Rings - Places and Inhabitants - Statistics

General Stats
  • This quiz has been taken 1,356 times
  • The average score is 13 of 20
Answer Stats
Hint Answer % Correct
Hobbiton Frodo Baggins
100%
Rivendell Elrond
85%
Lothlorien Lady Galadriel
84%
Isengard Saruman the White
84%
Fangorn Forest Treebeard
81%
Minas Tirith Denethor
78%
The Lonely Mountain Thorin Oakenshield
76%
Edoras Theoden
73%
Mirkwood Legolas
70%
Barad-dûr Sauron
68%
Minas Morgul The Witch-King of Angmar
64%
The Old Forest Tom Bombadil
64%
Lake Town Bard
62%
Buckland Meriadoc Brandybuck
60%
Dol Guldur The Necromancer
57%
Cirith Ungol Shelob
54%
Bree Barliman Butterbur
53%
Dol Amroth Imrahil
28%
Druadan Forest Ghan-buri-Ghan
21%
Lossarnach Forlong the Fat
11%
No matching quizzes found
Score Distribution
Percent of People with Each Score
Percentile by Number Answered
Your Score History
You have not taken this quiz